00426cam a22001452 4500001001100000005001700011008004100028020002700069040001500096100003400111245004800145260003100193300001500224650004100239000000740220151217145837.0080123s xx 000 0 eng d a8126117842 :cKES 2730 aKABUcKABU1 aQureshi, Hasnain.@000015864310aEducational counselling /cHasnain Qureshi. aNew Delhi :bAnmol,c2004. aix, 391 p. 0aEducational counselling.@0000157260